10 Nördlichste Haupstädte Europas - Statistiken

Allgemein
  • Dieses Quiz wurde 138 mal gespielt
  • Das Durchschnittsergebnis liegt bei 9 aus 10
Antwortstatistiken
Breitengrad Haupstadt % Korrekt
59°95'N Oslo
100%
60°17'N Helsinki
98%
55°75'N Moskau
98%
59.32'N Stockholm
98%
55°67'N Kopenhagen
96%
63°14'N Reykjavik
95%
56°93'N Riga
91%
59°43'N Tallinn
84%
54°68'N Vilnius
82%
53°54'N Minsk
80%
Keine übereinstimmenden Quizze gefunden
Verteilung der Resultate
Anzahl Personen mit jedem Resultat
Perzentil nach korrekt beantworteten Fragen
Ihre Resultats-Entwicklung
Sie haben dieses Quiz noch nicht gespielt